[Event "Hillerod Anniversary"]
[Site "Hillerod"]
[Date "1980.??.??"]
[Round "1"]
[White "Jensen, Allan Astrup"]
[Black "Fedder, Steen"]
[Result "0-1"]
[WhiteElo "2245"]
[BlackElo "2410"]

1. e4 c5 2. Nf3 d6 3. d4 cxd4 4. Nxd4 Nf6 5. Nc3 e6 6. Be2 a6 7. O-O
Nbd7 8. f4 b5 9. Kh1 Bb7 10. Bf3 Nc5 11. e5 Nfe4 12. Nxe4 Nxe4 13. Qe1
d5 14. f5 Qb6 15. Be3 Bc5 16. Rd1 Bxd4 17. Bxd4 Qc6 18. fxe6 fxe6 19.
Bh5+ g6 20. Bg4 O-O-O 21. Qb4 h5 22. Be2 Rh7 23. a4 bxa4 24. Ra1 h4
25. Bg4 Re8 26. Rf8 Rxf8 27. Qxf8+ Kd7 28. Rf1 Qxc2 29. Bxe6+ Kc6 30.
Qg8 Qc4 31. Rd1 Re7 32. Be3 Qe2 33. Rc1+ Kb5 34. Bxd5 Qxe3 35. Bc4+ Kb4
36. Rf1 Nf2+ 37. Rxf2 Qxf2 38. Qd8 Bxg2# 0-1

[Event "Hillerod Anniversary"]
[Site "Hillerod"]
[Date "1980.??.??"]
[Round "1"]
[White "Poulsen, Allan"]
[Black "Sahl, Bjarke"]
[Result "0-1"]
[WhiteElo "2350"]
[BlackElo "2295"]

1. e4 c6 2. d4 d5 3. exd5 cxd5 4. c4 Nf6 5. Nc3 g6 6. Qb3 Bg7 7. cxd5
O-O 8. Be2 Nbd7 9. Bf3 Ne8 10. Nge2 Nd6 11. Bf4 Nf5 12. Rd1 Nh4 13. Be4
Nf6 14. O-O Nxe4 15. Nxe4 Nf5 16. Be5 b6 17. Nf4 Bb7 18. g4 Nd6 19.
Bxg7 Kxg7 20. Ng5 Qd7 21. Qh3 h6 22. Nge6+ fxe6 23. Nxe6+ Kh7 24. Rd3
Nf7 25. Nxf8+ Rxf8 26. f4 Qxd5 27. Re1 e6 28. Qg3 Ng5 29. h4 Rxf4 30.
Kh2 Nf3+ 31. Rxf3 0-1

[Event "Hillerod Anniversary"]
[Site "Hillerod"]
[Date "1980.??.??"]
[Round "1"]
[White "Reinert, Mads"]
[Black "Hoi, Carsten"]
[Result "1/2-1/2"]
[WhiteElo "2200"]
[BlackElo "2410"]

1. e4 g6 2. Nc3 Bg7 3. f4 d6 4. Bc4 c6 5. Nf3 Nf6 6. e5 Nd5 7. d4 Be6
8. Nxd5 Bxd5 9. Bd3 Nd7 10. O-O O-O 11. Ng5 h6 12. Nf3 Qb6 13. Kh1 Bxf3
14. Qxf3 Qxd4 15. Be3 Qd5 16. Be4 Qe6 17. Rad1 d5 18. Bd3 b6 19. f5
Qxe5 20. Bf4 Qf6 21. fxg6 e5 22. Qg4 exf4 23. Qxd7 fxg6 24. Rde1 Rf7
25. Qg4 Qg5 26. Qe6 Qf6 27. Qg4 Qg5 28. Qe6 Qf6 29. Qg4 1/2-1/2

[Event "Hillerod Anniversary"]
[Site "Hillerod"]
[Date "1980.??.??"]
[Round "2"]
[White "Brinck Claussen, Bjorn"]
[Black "Reinert, Mads"]
[Result "1-0"]
[WhiteElo "2370"]
[BlackElo "2200"]

1. d4 Nf6 2. c4 e6 3. Nf3 c5 4. d5 exd5 5. cxd5 d6 6. Nc3 g6 7. Nd2 Bg7
8. Nc4 O-O 9. Bg5 h6 10. Bh4 b6 11. a4 Ba6 12. e3 Qe7 13. Rc1 Bxc4 14.
Bxc4 Nbd7 15. O-O g5 16. Bg3 Ne8 17. Bd3 f5 18. f4 Qxe3+ 19. Kh1 gxf4
20. Bxf4 Qe7 21. Qc2 Be5 22. Ne2 Ng7 23. Bxh6 Qh4 24. Bf4 Rf6 25. g3
Qh5 26. Qd2 Kf7 27. Bg5 Bxb2 28. Rc2 Rh8 29. Ng1 Be5 30. Bxf6 Nxf6 31.
Qg2 Qg4 32. Ne2 Qxa4 33. Rc4 Qb3 34. Nc1 Qa3 35. Qf3 Ke7 36. Kg2 Rh5
37. Rc2 Qb4 38. Bc4 Ng4 39. h3 Nf6 40. Nd3 Qa4 41. Qe2 Ne4 42. Nxe5
dxe5 43. Ra2 Qd7 44. Bd3 Nc3 45. Qxe5+ Kf8 46. Bxf5 Kg8 47. Qb8+ Qe8
48. Qxe8+ Nxe8 49. Rxa7 1-0

[Event "Hillerod Anniversary"]
[Site "Hillerod"]
[Date "1980.??.??"]
[Round "2"]
[White "Fedder, Steen"]
[Black "Iskov, Gert"]
[Result "1/2-1/2"]
[WhiteElo "2410"]
[BlackElo "2400"]

1. d4 Nf6 2. Nf3 c5 3. g3 cxd4 4. Nxd4 d5 5. Bg2 e5 6. Nb3 Nc6 7. O-O
Be7 8. Nc3 Be6 9. Bg5 d4 10. Bxf6 gxf6 11. Ne4 Bd5 12. c4 Bxc4 13. Nbc5
Rb8 14. Rc1 Bd5 15. Bh3 b6 16. Bd7+ Kf8 17. Bxc6 Bxc6 18. Ne6+ fxe6
19. Rxc6 Qd5 20. Qc2 f5 21. Nd2 Kf7 22. Rc7 Rb7 23. Rc1 e4 24. Nb3 d3
25. Qd2 Rxc7 26. Rxc7 dxe2 27. Qxe2 h5 28. h4 a5 29. Qe3 Qe5 30. Rb7 f4
31. Qxf4+ Qxf4 32. gxf4 Rg8+ 33. Kf1 Rg4 34. Nd4 Kf6 35. Rxb6 Rxf4 36.
Nxe6 Rxh4 37. Nf4+ Kf7 38. Ng6 Rh1+ 39. Kg2 Ra1 40. Nxe7 Kxe7 41. a3
Rb1 1/2-1/2

[Event "Hillerod Anniversary"]
[Site "Hillerod"]
[Date "1980.??.??"]
[Round "2"]
[White "Sahl, Bjarke"]
[Black "Hoi, Carsten"]
[Result "0-1"]
[WhiteElo "2295"]
[BlackElo "2410"]

1. Nf3 g6 2. d4 Bg7 3. c3 Nf6 4. Bf4 O-O 5. h3 d6 6. e3 Nbd7 7. Be2 b6
8. O-O Bb7 9. a4 a5 10. Nbd2 Re8 11. Bh2 e5 12. Nc4 Ne4 13. Qc2 Ng5
14. Ncd2 f5 15. Rfd1 Kh8 16. Nxg5 Qxg5 17. Bf3 e4 18. Be2 Nf8 19. b4
Ne6 20. bxa5 f4 21. exf4 Nxf4 22. Bxf4 Qxf4 23. a6 Bxa6 24. Bxa6 Rxa6
25. Nc4 Raa8 26. Ne3 Ra5 27. Ra2 Rg5 28. Qe2 Rf8 29. Rda1 Qh4 30. Kh2
Rh5 31. Qg4 Qxg4 32. Nxg4 Ra5 33. Ne3 Kg8 34. Nc4 Ra6 35. a5 bxa5 36.
Kg1 Rc6 37. Ra4 Rb8 38. R1a3 Rb1+ 39. Kh2 Rc1 40. Rb3 Bxd4 41. Rb8+ Kg7
42. Ne3 Be5+ 43. g3 R6xc3 44. Rxe4 Rd3 45. Rg4 h5 46. Rg5 h4 47. Kg2
hxg3 48. Rd8 Bf4 49. Nf5+ Kf7 50. Rg4 gxf5 51. Rxf4 0-1

[Event "Hillerod Anniversary"]
[Site "Hillerod"]
[Date "1980.??.??"]
[Round "3"]
[White "Iskov, Gert"]
[Black "Poulsen, Allan"]
[Result "1-0"]
[WhiteElo "2400"]
[BlackElo "2350"]

1. e4 c5 2. Nf3 d6 3. d4 cxd4 4. Nxd4 Nf6 5. Nc3 a6 6. Bg5 e6 7. f4 Qb6
8. Qd2 Qxb2 9. Nb3 Nbd7 10. Bd3 Nc5 11. O-O Bd7 12. e5 Rc8 13. exf6
Nxd3 14. fxg7 Bxg7 15. Qxd3 Qxc3 16. Qxd6 Bf8 17. Qb6 h6 18. Bh4 Qc6
19. Qa5 Rg8 20. Rf2 Bd6 21. Rd1 Bxf4 22. Qh5 Rg6 23. Kh1 e5 24. Na5 Qb5
25. c4 Qxa5 26. Rxf4 Qc5 27. Re4 Kf8 28. Rxd7 Qc6 29. Qf5 1-0

[Event "Hillerod Anniversary"]
[Site "Hillerod"]
[Date "1980.??.??"]
[Round "3"]
[White "Jensen, Allan Astrup"]
[Black "Sahl, Bjarke"]
[Result "0-1"]
[WhiteElo "2245"]
[BlackElo "2295"]

1. e4 c6 2. d4 d5 3. exd5 cxd5 4. c4 Nf6 5. Nc3 g6 6. Nf3 Bg7 7. Be2
O-O 8. O-O dxc4 9. Bxc4 Nbd7 10. Bb3 Nb6 11. d5 a5 12. Be3 Bf5 13. Re1
Nc8 14. Nd4 Bg4 15. f3 Bd7 16. Ndb5 Nd6 17. Nxd6 exd6 18. Ba4 Re8 19.
Qb3 Bxa4 20. Nxa4 Nd7 21. Bf2 Ne5 22. Rac1 Qg5 23. Nb6 Rad8 24. Rc2 Re7
25. Nc8 Ree8 26. Nb6 h5 27. Rce2 Rf8 28. h3 Qf5 29. Re4 g5 30. Qe3 Qg6
31. Ra4 g4 32. fxg4 hxg4 33. hxg4 0-1

[Event "Hillerod Anniversary"]
[Site "Hillerod"]
[Date "1980.??.??"]
[Round "3"]
[White "Reinert, Mads"]
[Black "Fedder, Steen"]
[Result "0-1"]
[WhiteElo "2200"]
[BlackElo "2410"]

1. e4 c5 2. Nf3 e6 3. d4 cxd4 4. Nxd4 Nf6 5. Nc3 d6 6. f4 a6 7. Bd3 b5
8. e5 dxe5 9. fxe5 Nd5 10. Qg4 Nb4 11. Ne4 Qd5 12. Nf3 Nxd3+ 13. cxd3
Qxd3 14. Bg5 Bb7 15. Rd1 Bb4+ 16. Kf2 Qc2+ 17. Kg3 Nd7 18. Rd4 Bxe4
19. Rc1 Nxe5 20. Qf4 Ng6 21. Qe3 Qxb2 22. Qxe4 O-O 23. Rc2 Qa3 24. Rxb4
Rac8 25. Rbb2 h6 26. Bd2 Rc4 27. Rxc4 Qxb2 28. Rc2 Qb1 29. Bb4 Rd8 30.
Re2 Qc1 31. Rc2 Qf1 32. Qe1 Qxe1+ 33. Bxe1 e5 34. Rc6 e4 35. Nd2 Rd3+
36. Kf2 e3+ 37. Ke2 Nf4+ 38. Kd1 Nxg2 39. Rxa6 Nxe1 40. Kxe1 0-1

[Event "Hillerod Anniversary"]
[Site "Hillerod"]
[Date "1980.??.??"]
[Round "4"]
[White "Fedder, Steen"]
[Black "Hoi, Carsten"]
[Result "1-0"]
[WhiteElo "2410"]
[BlackElo "2410"]

1. d4 g6 2. Nf3 Bg7 3. g3 Nf6 4. Bg2 O-O 5. O-O d6 6. c4 Nbd7 7. Nc3 a6
8. b3 e5 9. dxe5 dxe5 10. Qc2 Qe7 11. Rb1 Re8 12. Rd1 h6 13. Nd2 Bf8
14. Nd5 Qd8 15. Bb2 Nxd5 16. Bxd5 Qf6 17. Bg2 Qe7 18. Ne4 f5 19. Nc3 c6
20. Na4 Bg7 21. Qd2 Rb8 22. Qd6 b5 23. cxb5 cxb5 24. Nc3 Qxd6 25. Rxd6
Nf6 26. Nd5 Ne4 27. Bxe4 fxe4 28. Rxg6 Kh7 29. Nf6+ Kxg6 30. Nxe8 Bh8
31. Nd6 Bg4 32. Rc1 Bxe2 33. Rc6 b4 34. Nxe4+ Kf5 35. Nd6+ Kg4 36. Nf7
Bf3 37. Rxh6 Bg7 38. Rg6+ Kf5 39. Rxg7 1-0

[Event "Hillerod Anniversary"]
[Site "Hillerod"]
[Date "1980.??.??"]
[Round "4"]
[White "Jensen, Allan Astrup"]
[Black "Iskov, Gert"]
[Result "0-1"]
[WhiteElo "2245"]
[BlackElo "2400"]

1. e4 c5 2. Nf3 d6 3. d4 cxd4 4. Nxd4 Nf6 5. Nc3 a6 6. Bg5 e6 7. f4 Qb6
8. Qd2 Qxb2 9. Rb1 Qa3 10. f5 Nc6 11. fxe6 fxe6 12. Nxc6 bxc6 13. e5
dxe5 14. Bxf6 gxf6 15. Ne4 Qxa2 16. Nxf6+ Kf7 17. Rd1 Qb2 18. Ne4 Bb4
19. c3 Qxd2+ 20. Rxd2 Be7 21. Bc4 Rf8 22. O-O+ Kg7 23. Re1 Rd8 24. Rxd8
Bxd8 25. Nd6 Bd7 26. Rxe5 Bb6+ 27. Kh1 Rb8 28. Re1 a5 29. Rd1 e5 30. h3
Bc7 31. Ne4 Bf5 32. Nc5 Re8 33. Rf1 Rf8 34. Rxf5 Rxf5 35. Ne6+ Kf6 36.
Nxc7 e4 37. Na6 e3 38. Kg1 Kg5 39. Nc7 a4 40. Ne6+ Kf6 41. g4 Re5 42.
Nd4 Rc5 43. Bg8 Rxc3 44. Bxh7 a3 45. Bg8 Rd3 46. Ne2 Rd2 47. Nf4 c5
48. Nd5+ Kg7 49. Nxe3 Rd1+ 0-1

[Event "Hillerod Anniversary"]
[Site "Hillerod"]
[Date "1980.??.??"]
[Round "4"]
[White "Sahl, Bjarke"]
[Black "Brinck Claussen, Bjorn"]
[Result "1/2-1/2"]
[WhiteElo "2295"]
[BlackElo "2370"]

1. Nf3 Nf6 2. d4 d5 3. g3 c6 4. Bg2 Bf5 5. O-O e6 6. c3 Nbd7 7. a4 a5
8. Nh4 Bg4 9. h3 Bh5 10. g4 Bg6 11. Nxg6 hxg6 12. Bf4 Qb6 13. Qc2 c5
14. e3 Bd6 15. Bxd6 Qxd6 16. f4 Ne4 17. Na3 Qb6 18. Bxe4 dxe4 19. Kg2
cxd4 20. exd4 Qc6 21. Nb5 Nf6 22. Rae1 e3+ 23. Kg3 Ke7 24. Rxe3 Rh7
25. Qg2 Rah8 26. Kh2 Rh4 27. Rg3 Ne4 28. Re3 Nf6 29. Rg3 Ne4 30. Rgf3
g5 31. f5 exf5 32. Rxf5 Nf6 33. Rxf6 Qxg2+ 34. Kxg2 gxf6 35. Rf3 f5
36. Rxf5 Rxh3 37. Rxg5 Rh2+ 38. Kf3 Rxb2 39. Re5+ Kf6 40. Rf5+ Ke7
1/2-1/2

[Event "Hillerod Anniversary"]
[Site "Hillerod"]
[Date "1980.??.??"]
[Round "4"]
[White "Poulsen, Allan"]
[Black "Reinert, Mads"]
[Result "0-1"]
[WhiteElo "2350"]
[BlackElo "2200"]

1. c4 e5 2. Nc3 Nc6 3. Nf3 f5 4. d4 e4 5. Ng5 h6 6. Nh3 g5 7. e3 Bb4
8. Bd2 d6 9. f3 Bxc3 10. Bxc3 Qe7 11. f4 Nd8 12. d5 Rh7 13. Qd4 c5 14.
dxc6 Nxc6 15. Qd2 Be6 16. b4 O-O-O 17. b5 Nb8 18. Bb4 Qf6 19. Rc1 b6
20. Bxd6 Kb7 21. Qb4 g4 22. Nf2 Rhd7 23. c5 bxc5 24. Bxc5 Ne7 25. Qa5
Nc8 26. Be2 Qb2 27. O-O Qxe2 28. a4 Qd2 29. Rc3 Nb6 30. Rfc1 Qa2 31.
Bd6 Nc4 32. Bxb8 Nxa5 0-1

[Event "Hillerod Anniversary"]
[Site "Hillerod"]
[Date "1980.??.??"]
[Round "5"]
[White "Brinck Claussen, Bjorn"]
[Black "Fedder, Steen"]
[Result "1-0"]
[WhiteElo "2370"]
[BlackElo "2410"]

1. d4 Nf6 2. c4 g6 3. Nc3 Bg7 4. Nf3 d5 5. Bf4 O-O 6. Rc1 dxc4 7. e4
Bg4 8. Bxc4 Bxf3 9. gxf3 e6 10. Be3 Nc6 11. Bb5 Ne7 12. Be2 c6 13. b4
Nd7 14. f4 f5 15. Bc4 fxe4 16. Bxe6+ Kh8 17. Nxe4 Nd5 18. Bxd5 cxd5
19. Ng3 Nb6 20. h4 Nc4 21. h5 Qe8 22. hxg6 Qxg6 23. Qh5 Qxh5 24. Rxh5
Rfe8 25. Rxd5 Nxe3 26. fxe3 Rxe3+ 27. Kf2 Rd3 28. Nf5 Rd2+ 29. Kf3 Bf8
30. Rd7 Re8 31. Rh1 Rxa2 32. Rhxh7+ Kg8 33. Rxb7 Re6 34. Rh5 Ra3+ 35.
Kg4 Re1 36. Rg5+ Kh8 37. Nh4 Rg1+ 38. Kf5 Rxg5+ 39. fxg5 1-0

[Event "Hillerod Anniversary"]
[Site "Hillerod"]
[Date "1980.??.??"]
[Round "5"]
[White "Hoi, Carsten"]
[Black "Poulsen, Allan"]
[Result "1-0"]
[WhiteElo "2410"]
[BlackElo "2350"]

1. d4 Nf6 2. c4 g6 3. Nc3 Bg7 4. e4 d6 5. Nf3 O-O 6. h3 e5 7. d5 Nbd7
8. Be3 Nc5 9. Nd2 Ne8 10. g4 f5 11. gxf5 gxf5 12. Qc2 Ne6 13. dxe6 f4
14. Bxa7 Rxa7 15. c5 Bxe6 16. Nb5 Ra8 17. Bc4 d5 18. exd5 Bxd5 19.
O-O-O c6 20. Ne4 Qa5 21. Nbd6 Nxd6 22. cxd6 Qb4 23. Rxd5 cxd5 24. Bxd5+
Kh8 25. Kb1 Rac8 26. Qd3 f3 27. Bb3 Rf4 28. Ng5 e4 29. Qd5 Qb6 30. d7
Rd8 31. Qf7 Qd4 32. Qe8+ 1-0

[Event "Hillerod Anniversary"]
[Site "Hillerod"]
[Date "1980.??.??"]
[Round "5"]
[White "Iskov, Gert"]
[Black "Sahl, Bjarke"]
[Result "0-1"]
[WhiteElo "2400"]
[BlackElo "2295"]

1. e4 c6 2. Nc3 d5 3. Qf3 dxe4 4. Nxe4 Nd7 5. b3 Ndf6 6. Ne2 Nxe4 7.
Qxe4 Nf6 8. Qf3 g6 9. Bb2 Bg7 10. h3 O-O 11. g4 a5 12. a4 Qd6 13. Bg2
Be6 14. Qf4 Qc5 15. Nd4 Bd5 16. Bxd5 e5 17. Qg3 cxd5 18. Ne2 Ne4 19.
Qe3 Qxc2 20. Ba3 d4 21. Qf3 Nxd2 22. Qxb7 Rab8 23. Qc7 0-1

[Event "Hillerod Anniversary"]
[Site "Hillerod"]
[Date "1980.??.??"]
[Round "6"]
[White "Iskov, Gert"]
[Black "Reinert, Mads"]
[Result "1/2-1/2"]
[WhiteElo "2400"]
[BlackElo "2200"]

1. e4 c5 2. Nf3 d6 3. Nc3 a6 4. d4 cxd4 5. Nxd4 Nf6 6. a4 e5 7. Nf3 Qc7
8. Bg5 Nbd7 9. Nd2 h6 10. Bxf6 Nxf6 11. Bc4 Be6 12. Qe2 Rc8 13. Bd3 Be7
14. O-O O-O 15. Rfe1 Rfe8 16. Nf1 Qb6 17. Rab1 Bg4 18. Nd5 Nxd5 19.
Qxg4 Nb4 20. Ne3 Bg5 21. Nd5 Nxd5 22. exd5 Qd4 23. Qxd4 exd4 24. g3 Kf8
25. h4 Rxe1+ 26. Rxe1 Bf6 27. Kf1 a5 28. b4 axb4 29. Rb1 Rc7 30. h5 Ke7
31. Rxb4 Kd8 32. Rb6 Re7 33. f4 Kc7 34. Rb1 Re8 35. Kf2 Re7 36. Kf3
Re3+ 37. Kg4 Re7 38. Kf3 Re3+ 39. Kg4 Re7 40. Rf1 Re3 41. a5 Re8 42.
Ra1 Ra8 43. Kf5 Kd8 44. g4 Ke8 45. a6 bxa6 46. Bb5+ Kf8 47. Bc6 Ra7
48. Rb1 Bd8 49. Rb8 Ke7 50. Rb4 a5 51. Rxd4 Kf8 52. Rd3 a4 53. Ra3 Bb6
54. Bxa4 Bc5 55. Ra2 Be3 56. c3 g6+ 57. hxg6 fxg6+ 58. Kxg6 Bxf4 59. c4
Rg7+ 60. Kf5 Rf7+ 61. Ke4 Be5 1/2-1/2

[Event "Hillerod Anniversary"]
[Site "Hillerod"]
[Date "1980.??.??"]
[Round "6"]
[White "Sahl, Bjarke"]
[Black "Fedder, Steen"]
[Result "0-1"]
[WhiteElo "2295"]
[BlackElo "2410"]

1. Nf3 Nf6 2. d4 g6 3. c3 Bg7 4. Bg5 d6 5. h3 O-O 6. e3 Nbd7 7. Be2 Ne4
8. Bh4 Ndf6 9. O-O h6 10. Nfd2 g5 11. Nxe4 Nxe4 12. Bd3 Nxc3 13. Nxc3
gxh4 14. Bc2 c6 15. f4 f5 16. Qh5 e6 17. Kh1 b5 18. a3 Bd7 19. e4 a5
20. e5 Ra7 21. Qf3 Qe7 22. Qf2 Rc7 23. Bb3 Kh8 24. Rad1 Rb8 25. Ne2 a4
26. Ba2 b4 27. axb4 Rxb4 28. Ng1 Rcb7 29. Rd2 d5 30. Nf3 Qd8 31. Rc1
Bf8 32. Nxh4 Be8 33. Rcc2 Be7 34. Nf3 c5 35. dxc5 Rxf4 36. Qe3 Bg5 37.
Nxg5 Qxg5 38. Kh2 Bc6 39. Rd4 Re4 40. Qf2 f4 41. Rd3 Qxe5 42. Rf3 Reb4
43. Re2 Qf6 44. g3 Rxb2 45. Rxf4 Rxe2 46. Rxf6 Rxf2+ 47. Rxf2 Kg7 48.
g4 Rb5 49. Kg3 Rxc5 50. Kf4 Kf6 51. g5+ hxg5+ 52. Kg4+ Ke7 53. Kxg5 d4+
54. Kg6 Be4+ 55. Kg7 Rg5+ 56. Kh6 Rg2 57. Rf4 Rxa2 58. Rxe4 d3 59. Rd4
d2 60. h4 e5 61. Rd5 Ke6 62. Rd8 e4 63. Kg7 e3 64. h5 e2 65. Re8+ Kd7
66. Rxe2 d1=Q 67. Rxa2 Qd4+ 0-1

[Event "Hillerod Anniversary"]
[Site "Hillerod"]
[Date "1980.??.??"]
[Round "6"]
[White "Poulsen, Allan"]
[Black "Brinck Claussen, Bjorn"]
[Result "0-1"]
[WhiteElo "2350"]
[BlackElo "2370"]

1. c4 c5 2. Nf3 Nf6 3. d4 cxd4 4. Nxd4 b6 5. f3 Bb7 6. e4 d6 7. Nc3 e6
8. Be2 Be7 9. O-O O-O 10. Be3 a6 11. Qd2 Nbd7 12. Rfd1 Rc8 13. Rac1 Re8
14. Bf1 Bf8 15. Bf2 h6 16. b3 Ne5 17. Nc2 Qc7 18. Ne3 Bc6 19. Ncd5 Qd8
20. Nxf6+ Qxf6 21. Bg3 h5 22. Qf2 Be7 23. h3 b5 24. Kh1 h4 25. Bh2 bxc4
26. Bxc4 Bb7 27. Qe2 a5 28. Bb5 Red8 29. Rxc8 Rxc8 30. f4 Ng6 31. e5
dxe5 32. Ng4 Qf5 33. Ne3 Qxh3 34. Ba6 Rc3 35. Bxb7 Qxe3 36. Qxe3 Rxe3
37. fxe5 Bb4 38. Bg1 Rxe5 39. Bf3 Re1 40. Rd8+ Kh7 41. Kh2 Ne5 42. Bd1
Nc6 43. Rd7 Bc3 44. Bf2 Be5+ 45. Kh3 0-1

[Event "Hillerod Anniversary"]
[Site "Hillerod"]
[Date "1980.??.??"]
[Round "7"]
[White "Brinck Claussen, Bjorn"]
[Black "Jensen, Allan Astrup"]
[Result "0-1"]
[WhiteElo "2370"]
[BlackElo "2245"]

1. d4 Nf6 2. c4 g6 3. Nc3 d5 4. Bf4 Bg7 5. Nf3 O-O 6. Rc1 c5 7. dxc5
Be6 8. Nd4 Nc6 9. Nxe6 fxe6 10. e3 Qa5 11. Qa4 Qxc5 12. Qb5 Qxb5 13.
cxb5 Na5 14. Be2 Rac8 15. O-O Nc4 16. b3 Nd6 17. Na4 Nd7 18. b6 Nxb6
19. Bg4 Nf5 20. Nxb6 axb6 21. Bc7 Bb2 22. Rc2 Ba3 23. Bd1 Bc5 24. Be5
Bd6 25. Bb2 Rc6 26. g3 e5 27. Rd2 e6 28. a3 e4 29. Be2 Rfc8 30. Bb5 Rc2
31. Rfd1 Rxd2 32. Rxd2 Kf7 33. Be2 Be7 34. h4 Bf6 35. h5 Bxb2 36. hxg6+
hxg6 37. Rxb2 Rc1+ 38. Kg2 Kf6 39. a4 Nd6 40. Rd2 Rb1 41. Bd1 Nf7 42.
Be2 Rxb3 43. Rc2 Ne5 44. Rc7 Rb2 45. Kf1 Rb1+ 46. Kg2 Nd3 47. Rxb7 Rb4
48. Ra7 Rb2 49. Kf1 Rb1+ 50. Kg2 Re1 51. Bf1 Ra1 52. Be2 Ra2 53. Kf1
Ra1+ 54. Kg2 b5 55. a5 b4 56. a6 b3 57. Rb7 Nc5 58. Rb5 Nxa6 59. Rxb3
Nc5 60. Rb8 Ra2 61. Kf1 Nd7 62. Rc8 Ne5 63. Rf8+ Ke7 64. Rg8 Kf7 65.
Rc8 Ra1+ 66. Kg2 Nd3 67. f3 Ne1+ 68. Kf2 exf3 69. Bxf3 Nd3+ 70. Ke2 Ne5
71. Rc2 Ra3 72. Rc7+ Kf6 73. Bh1 Ng4 0-1

[Event "Hillerod Anniversary"]
[Site "Hillerod"]
[Date "1980.??.??"]
[Round "7"]
[White "Fedder, Steen"]
[Black "Poulsen, Allan"]
[Result "1-0"]
[WhiteElo "2410"]
[BlackElo "2350"]

1. Nf3 g6 2. g3 Bg7 3. d4 c5 4. dxc5 Na6 5. Bg2 Nxc5 6. O-O d6 7. Nbd2
Nf6 8. Ne1 Bf5 9. Nd3 Rc8 10. Nxc5 Rxc5 11. c3 Qd7 12. Nb3 Rc8 13. Nd4
Bh3 14. Bxh3 Qxh3 15. Qa4+ Kf8 16. Qxa7 Ng4 17. Nf3 Bf6 18. Qxb7 Rc5
19. Rd1 h5 20. Bf4 Rf5 21. Rd3 e5 22. e4 g5 23. Qc8+ Kg7 24. Qxf5 gxf4
25. Rxd6 Rh6 26. Rad1 fxg3 27. hxg3 Rg6 28. Rxf6 Rxf6 29. Qg5+ Kh7 30.
Qxf6 1-0

[Event "Hillerod Anniversary"]
[Site "Hillerod"]
[Date "1980.??.??"]
[Round "7"]
[White "Hoi, Carsten"]
[Black "Iskov, Gert"]
[Result "0-1"]
[WhiteElo "2410"]
[BlackElo "2400"]

1. d4 Nf6 2. c4 e6 3. Nc3 Bb4 4. e3 b6 5. Nge2 Ne4 6. Bd2 Nxd2 7. Qxd2
Ba6 8. a3 Bxc3 9. Qxc3 O-O 10. Nf4 d6 11. Be2 Bb7 12. O-O Nd7 13. Rfd1
e5 14. Nd5 c6 15. Nb4 Qe7 16. d5 c5 17. Nc6 Qe8 18. b4 Nf6 19. b5 a5
20. f3 Qd7 21. Bd3 Rae8 22. Qc2 g6 23. Kh1 Nh5 24. g4 Ng7 25. Rg1 f5
26. gxf5 Nxf5 27. Qf2 Bc8 28. Rg5 Qg7 29. Rag1 Qh6 30. Be4 Kh8 31. Bxf5
Rxf5 32. R5g3 Rff8 33. Re1 Qh5 34. Kg2 Rf7 35. Rf1 Kg8 36. h4 e4 37. f4
Bg4 38. Rh1 Bf3+ 39. Rxf3 exf3+ 40. Qxf3 Qf5 41. Re1 Qc2+ 42. Kg3 Re4
43. Rc1 Qd3 44. Rc3 Qb1 45. h5 Qg1+ 46. Kh3 Rf5 47. hxg6 hxg6 48. Qg2
Rxe3+ 49. Rxe3 Qxe3+ 50. Qg3 Rh5+ 51. Kg2 Qe4+ 52. Kf2 Rh1 0-1